Eintracht Frankfurt Kader 2023/2024 - Statistiken

Allgemein
  • Dieses Quiz wurde 210 mal gespielt
  • Das Durchschnittsergebnis liegt bei 21 aus 34
Antwortstatistiken
Hint Antwort % Korrekt
1 - TW - Deutschland Kevin Trapp
100%
7 - ST - Ägypten Omar Marmoush
95%
4 - IV - Deutschland Robin Koch
95%
35 - IV - Brasilien Tuta
95%
16 - ZM - Schweden Hugo Larsson
91%
20 - IV - Japan Makoto Hasebe
91%
27 - OM - Deutschland Mario Götze
87%
3 - IV - Ecuador Willian Pacho
84%
11 - ST - Frankreich Hugo Ekitiké
83%
15 - DM - Tunesien Ellyes Skhiri
82%
8 - OM - Algerien Farès Chaïbi
81%
24 - RV - Portugal Aurélio Buta
79%
17 - ZM - Deutschland Sebastian Rode
78%
22 - RV - Vereinigte Staaten Timothy Chandler
78%
36 - RF - Deutschland Ansgar Knauff
76%
33 - TW - Deutschland Jens Grahl
75%
26 - ZM - Frankreich Junior Dina Ebimbe
74%
5 - IV - Kroatien Hrvoje Smolcic
71%
31 - LV - Deutschland Philipp Max
71%
40 - TW - Brasilien Kauã Santos
69%
29 - LV - Frankreich Niels Nkounkou
67%
25 - ZM - Niederlande Donny van de Beek
58%
48 - ST - Spanien Nacho Ferri
58%
41 - TW - Albanien Simon Simoni
51%
34 - IV - Deutschland Nnamdi Collins
49%
9 - ST - Österreich Sasa Kalajdzic
49%
19 - LF - Frankreich Jean-Mattéo Bahoya
48%
44 - IV - Ecuador Davis Bautista
24%
43 - ST - Deutschland Noel Futkeu
22%
46 - IV - Deutschland Dario Gebuhr
19%
45 - ZM - Deutschland Mehdi Loune
15%
49 - ZM - Deutschland Harpreet Ghotra
12%
32 - OM - Serbien Marko Mladenovic
12%
37 - ZM - Deutschland Sidney Raebiger
8%
Keine übereinstimmenden Quizze gefunden
Verteilung der Resultate
Anzahl Personen mit jedem Resultat
Perzentil nach korrekt beantworteten Fragen
Ihre Resultats-Entwicklung
Sie haben dieses Quiz noch nicht gespielt